Rural Sociology (Record no. 4722)

MARC details
000 -LEADER
fixed length control field 00455cam a2200193ua 4500
008 - FIXED-LENGTH DATA ELEMENTS--GENERAL INFORMATION
fixed length control field 131004n ii |||gr||||Z||||||eng
020 ## - INTERNATIONAL STANDARD BOOK NUMBER
International Standard Book Number 81-89011-58-3
040 ## - CATALOGING SOURCE
Transcribing agency MAIN
082 ## - DEWEY DECIMAL CLASSIFICATION NUMBER
Classification number 307.7
245 11 - TITLE STATEMENT
Title Rural Sociology
Statement of responsibility, etc. by Dilip Shah
250 ## - EDITION STATEMENT
Edition statement 1st ed.
260 ## - PUBLICATION, DISTRIBUTION, ETC.
Place of publication, distribution, etc. Jaipur:
Name of publisher, distributor, etc. ABD Publishers,
Date of publication, distribution, etc. 2005.
300 ## - PHYSICAL DESCRIPTION
Extent vii,255p.
700 1# - ADDED ENTRY--PERSONAL NAME
Personal name Shah,Dilip.,
Relator term
942 ## - ADDED ENTRY ELEMENTS (KOHA)
Koha item type Books
653 ## - INDEX TERM--UNCONTROLLED
Uncontrolled term Sociology
653 ## - INDEX TERM--UNCONTROLLED
Uncontrolled term Rural Sociology
Holdings
Withdrawn status Lost status Damaged status Not for loan Home library Current library Shelving location Date acquired Total Checkouts Full call number Barcode Date last seen Copy number Price effective from Koha item type
        Central Library, Naharkatiya College Central Library, Naharkatiya College General Stacks 19/09/2020   307.7 | SHA 21462 19/09/2020 1 19/09/2020 Books

Naharkatiya College © 2020. All rights reserved.

Powered By